000
00355pab a2200157 454500
008
180718b2011 xxu||||| |||| 00| 0 eng d
100
_a
Smith, Dennis
245
_a
Displacement and reconciliation
260
_c
2011
300
_a
p.590-594.
362
_a
Sep
650
_a
Peacemaking
773
_a
Current Sociology
908
_a
N
909
_a
93286
999
_c
93286
_d
93286